000 01010naa a22003137a 4500
001 BR7902596
003 BR-BrBNA
005 20250714163000.0
007 ta
008 250630b bl.|||m| |||| 00| 0 por d
040 _aBR-BrBNA
_bpor
_cBiblioteca Nacional de Agricultura
041 _a(Pt)
072 _aH20
_b0120
_b4100
090 _aH20 BR7902596
100 1 _aMenezes, J.R.
245 1 _aDoencas e seu controle [milho, Zea mays]
500 _aManual agropecuario para o Parana Londrina, PR (Brasil): 1978. p. 323-326 (BR7902596-AMS)
773 0 _tManual agropecuario para o Parana
_wH20 BR7902596
_gLondrina, PR (Brasil), 1978. p. 323-326
650 _aMILHO
650 _aANTRACNOSE
650 _aCARVAO
650 _aFERRUGEM
650 _aHELMINTOSPORIOSE
650 _aPODRIDAO DO COLMO
650 _aPARANA
490 _aManual Agropecuario para o Parana - Fundacao Instituto Agronomico do Parana (Brazil)
_vv. 2
942 _cAMS
_2AGRIS
909 _a202506
_bLúcia
_c55
_dLúcia Elande
999 _c333273
_d333273